Alenka v říši divů = Alice's adventures in Wonderland /
Dvojjazyčná anglicko-česká kniha pro mírně pokročilé B1/B2 předkládá zjednodušenou verzi dnes již klasického románu anglického spisovatele a matematika.
Uloženo v:
| Hlavní autor: | |
|---|---|
| Další autoři: | , |
| Médium: | E-kniha |
| Jazyk: | Czech English |
| Vydáno: |
V Brně :
Edika,
2021
|
| Vydání: | 1. vydání |
| Témata: | |
| On-line přístup: | Audionahrávka ve formátu MP3 na |
| Tagy: |
Žádné tagy |
| LEADER | 03232nam a2200661 i 4500 | ||
|---|---|---|---|
| 001 | 311433 | ||
| 003 | CZ PrSKC | ||
| 005 | 20260601215705.0 | ||
| 007 | ta | ||
| 008 | 211015s2021 xr a g 000 j cze | ||
| 015 | |a cnb003366306 | ||
| 020 | |a 9788026616849 |q (vázáno) : |c Kč 329,00 | ||
| 035 | |a (OCoLC)1288052586 | ||
| 035 | |a (OCoLC)1291382333 | ||
| 040 | |a ABG001 |b cze |e rda | ||
| 041 | 1 | |a cze |a eng |h eng | |
| 072 | 7 | |a 811.111 |x Angličtina |2 Konspekt | |
| 072 | 7 | |a 821.111-3 |x Anglická próza, anglicky psaná |2 Konspekt | |
| 080 | |a 821.111-32 |2 MRF | ||
| 080 | |a 811.111 |2 MRF | ||
| 080 | |a 028.4-028.31/.32 |2 MRF | ||
| 080 | |a (0:82-32) |2 MRF | ||
| 080 | |a (0.027)=030 |2 MRF | ||
| 080 | |a (07.063)81 |2 MRF | ||
| 100 | 1 | |a Olšovská, Dana |7 jo2016930522 |4 aut |4 trl | |
| 245 | 1 | 0 | |a Alenka v říši divů = |b Alice's adventures in Wonderland / |c Lewis Carroll ; úprava původního textu a český překlad: Dana Olšovská |
| 246 | 3 | 1 | |a Alice's adventures in Wonderland |
| 250 | |a 1. vydání | ||
| 264 | 1 | |a V Brně : |b Edika, |c 2021 | |
| 300 | |a 219 stran : |b ilustrace ; |c 22 cm | ||
| 336 | |a text |b txt |2 rdacontent | ||
| 337 | |a bez média |b n |2 rdamedia | ||
| 338 | |a svazek |b nc |2 rdacarrier | ||
| 500 | |a Obálkový podnázev: anglicko-česká kniha | ||
| 520 | 2 | |a Dvojjazyčná anglicko-česká kniha pro mírně pokročilé B1/B2 předkládá zjednodušenou verzi dnes již klasického románu anglického spisovatele a matematika. |b Příběh vypráví o Alence, která propadne králičí norou do podzemního světa fantazie, kde neplatí běžná pravidla a zákony. Světa, který je obydlen prazvláštními tvory a plný bizarních dobrodružství. Nakladatelská anotace. Kráceno. | |
| 521 | 8 | |a Pro mírně pokročilé B1/B2 | |
| 546 | |a Souběžný anglický text | ||
| 650 | 0 | 7 | |a angličtina |7 ph114056 |2 czenas |
| 650 | 0 | 7 | |a zjednodušená četba |7 ph656682 |2 czenas |
| 650 | 0 | 9 | |a English language |2 eczenas |
| 650 | 0 | 9 | |a simplified reading |2 eczenas |
| 653 | 0 | |a jazyková úroveň B1 |a jazyková úroveň B2 | |
| 655 | 7 | |a anglické příběhy |7 fd131813 |2 czenas | |
| 655 | 7 | |a dvojjazyčná vydání |7 fd194533 |2 czenas | |
| 655 | 7 | |a jazykové učebnice, texty, příručky (B) |7 fd600891 |2 czenas | |
| 655 | 9 | |a English stories |2 eczenas | |
| 655 | 9 | |a bilingual editions |2 eczenas | |
| 655 | 9 | |a language textbooks, texts, handbooks (B) |2 eczenas | |
| 700 | 1 | |i Adaptace díla: |a Carroll, Lewis, |d 1832-1898. |t Alice's adventures in Wonderland |7 aun2016903102 | |
| 700 | 1 | 2 | |a Olšovská Dana. |t Alice's adventures in Wonderland |
| 700 | 1 | 2 | |a Olšovská Dana. |t Alice's adventures in Wonderland. |l Česky |
| 856 | 4 | 2 | |3 Audionahrávka ve formátu MP3 na |u https://www.albatrosmedia.cz/tituly/67334186/alenka-v-risi-divu-b1-b2/ |4 N |
| 900 | |a ABA001 |b 20 | ||
| 928 | 9 | |a Albatros Media - Edika | |
| 044 | |a xr | ||
| 910 | |a RBIT002 | ||
| 998 | |d 336721 |a https://core.palmknihy.cz/api/books/336721/cover?si7wm7 |b https://core.palmknihy.cz/api/books/336721/cover/400?si7wm7 |c https://core.palmknihy.cz/api/books/336721/cover/50?si7wm7 |e 2031-12-31 |g 224 |i 9788026616849 |k https://core.palmknihy.cz/api/books/336721/preview.pdf |l |q 49 |r 1 |s https://www.palmknihy.cz/kniha/336721 |t ebook |y 2021 |z 0 | ||
| 999 | |d 311431 | ||